Comarcas de La Rioja en un Mapa - Estadísticas

Estadísticas generales
  • Esta prueba ha sido intentada 23 veces
  • La puntuación promedio es 8 de 12
Respuestas en el mapa
Las respuestas están codificadas por una escala verde-roja en el mapa de la prueba según el % correcto abajo.
 
Estadísticas de respuestas
Comarcas % Correcto
Logroño
100%
Calahorra
92%
Haro
92%
Alfaro
77%
Arnedo
77%
Ezcaray
77%
Santo Domingo de la Calzada
77%
Nájera
62%
Cervera
54%
Anguiano
31%
Camero Nuevo
31%
Camero Viejo
31%
No se encontraron pruebas coincidentes
Distribución de puntuación
Porcentaje de gente con cada puntuación
Porcentaje por número respondido
Historial de tus puntuaciones
No has intentado esta prueba.